MODERN DIGITAL AND ANALOG COMMUNICATION SYSTEMS (Record no. 23164)
[ view plain ]
| 000 -LEADER | |
|---|---|
| fixed length control field | 00310nam a22001337a 4500 |
| 003 - CONTROL NUMBER IDENTIFIER | |
| control field | Nust |
| 005 - DATE AND TIME OF LATEST TRANSACTION | |
| control field | 20170515125024.0 |
| 008 - FIXED-LENGTH DATA ELEMENTS--GENERAL INFORMATION | |
| fixed length control field | 170412b xxu||||| |||| 00| 0 eng d |
| 020 ## - INTERNATIONAL STANDARD BOOK NUMBER | |
| International Standard Book Number | 0195110099 |
| 040 ## - CATALOGING SOURCE | |
| Original cataloging agency | DLC |
| Language of cataloging | DLC |
| Transcribing agency | RCMS |
| 082 ## - DEWEY DECIMAL CLASSIFICATION NUMBER | |
| Classification number | 621.382 LAT |
| Edition number | 3rd, ed. |
| 100 ## - MAIN ENTRY--PERSONAL NAME | |
| Personal name | LATHI, B. P. |
| 9 (RLIN) | 734 |
| 245 ## - TITLE STATEMENT | |
| Title | MODERN DIGITAL AND ANALOG COMMUNICATION SYSTEMS |
| 250 ## - EDITION STATEMENT | |
| Edition statement | 3rd, ed. |
| 260 ## - PUBLICATION, DISTRIBUTION, ETC. | |
| Place of publication, distribution, etc. | INDIA |
| Name of publisher, distributor, etc. | OXFORD UNIVERSITY PRESS |
| Date of publication, distribution, etc. | 1998 |
| 300 ## - PHYSICAL DESCRIPTION | |
| Extent | 781 |
| 538 ## - SYSTEM DETAILS NOTE | |
| Display text | Shelf # 15, Row # 3, Communication.<br/>Shelf # 15, Row # 4, Communication. |
| 856 ## - ELECTRONIC LOCATION AND ACCESS | |
| Materials specified | Table of Contents Only. |
| 942 ## - ADDED ENTRY ELEMENTS (KOHA) | |
| Koha item type | Book |
| Source of classification or shelving scheme | |
| Call number prefix | 621.382 LAT |
| Withdrawn status | Lost status | Damaged status | Not for loan | Permanent Location | Current Location | Shelving location | Date acquired | Total Checkouts | Total Renewals | Full call number | Barcode | Checked out | Date last seen | Date last checked out | Price effective from | Koha item type | Source of classification or shelving scheme |
|---|---|---|---|---|---|---|---|---|---|---|---|---|---|---|---|---|---|
| Central Library (CL) | Central Library (CL) | General Stacks | 03/04/2013 | 6 | 8 | 621.382LAT | RCMS000468 | 04/12/2026 | 03/13/2026 | 03/13/2026 | 01/05/2017 | Book | |||||
| School of Civil and Environmental Engineering (SCEE) | School of Civil and Environmental Engineering (SCEE) | 09/11/2019 | 1 | 621.382 LAT | NIT-10437 | 10/19/2023 | 10/22/2019 | 09/11/2019 | Book | ||||||||
| School of Interdisciplinary Engineering and Sciences (SINES) | School of Interdisciplinary Engineering and Sciences (SINES) | General Stacks | 03/05/2013 | 2 | 621.382LAT | RCMS000843 | 02/14/2020 | 09/12/2019 | 01/05/2017 | Book | |||||||
| School of Interdisciplinary Engineering and Sciences (SINES) | School of Interdisciplinary Engineering and Sciences (SINES) | General Stacks | 03/05/2013 | 621.382LAT | RCMS000844 | 03/05/2013 | 01/05/2017 | Book | |||||||||
| School of Interdisciplinary Engineering and Sciences (SINES) | School of Interdisciplinary Engineering and Sciences (SINES) | General Stacks | 03/05/2013 | 1 | 621.382LAT | RCMS000845 | 09/23/2014 | 09/05/2014 | 01/05/2017 | Book | |||||||
| School of Interdisciplinary Engineering and Sciences (SINES) | School of Interdisciplinary Engineering and Sciences (SINES) | General Stacks | 07/22/2014 | 1 | 621.382LAT | RCMS000846 | 07/18/2022 | 09/04/2014 | 01/05/2017 | Book | |||||||
| School of Interdisciplinary Engineering and Sciences (SINES) | School of Interdisciplinary Engineering and Sciences (SINES) | General Stacks | 12/18/2018 | 621.382 LAT | RCMS003107-D | 12/18/2018 | 12/18/2018 | Book |
